Statistiken für Charaktere in allen Star-Wars-Trilogien

Klicken Sie hier um das Quiz zu spielen!

Allgemein

  • Dieses Quiz wurde 279 mal gespielt
  • Das Durchschnittsergebnis liegt bei 5 aus 7

Antwortstatistiken

EpisodenCharakter% Korrekt
III-IXLuke Skywalker
91%
III-IXLeia Organa
85%
I-IXR2-D2
83%
I-IXC-3PO
82%
I-III, V-VI, VIIIYoda
79%
I-III, V-VI, IXSheev Palpatine / Darth Sidious
70%
III-IXChewbacca
58%

Verteilung der Resultate

Perzentil nach korrekt beantworteten Fragen

Anzahl Personen mit jedem Resultat

Ihre Resultats-Entwicklung

Sie haben dieses Quiz noch nicht gespielt